Statistics for Bands named after Food and Drink

Click here to take the quiz!

General Stats

  • This quiz has been taken 122 times
  • The average score is 5 of 12

Answer Stats

HintAnswer% Correct
60s 3-piece rock band - something which goes nicely with strawberriesCream
79%
Los Angeles soft-rock band - you would spread the above answer onto itBread
63%
Another LA band popular in 90s - something spicy!Red Hot Chili Peppers
55%
Alternative rock band from Chicago - pulverising squash!Smashing Pumpkins
47%
Irish band named after a red fruitThe Cranberries
46%
Girl duo - provides seasoningSalt n Pepa
39%
Scottish band formed in the 60s - a tangy spread made from fruitMarmalade
38%
3-piece new wave band who always wore suits - something you spread with a knifeThe Jam
37%
Scottish one-hit wonder post-punk band - non-alcoholic cold breakfast drinkOrange Juice
34%
Smoochy duo who sang 'Reunited' - a fruit and a flavouring plantPeaches and Herb
21%
Another US alternative rock band - citrus fruit plus a main body partThe Lemonheads
16%
Californian band formed late 60s - energized dried plums!The Electric Prunes
4%

Score Distribution

Percentile by Number Answered

Percent of People with Each Score

Your Score History

You have not taken this quiz